01302nam a2200229 u 450000100100000000500170001000800410002704000250006808200160009310000260010924500650013526000660020030000200026659000260028650000730031295201280038595201280051395201190064195201780076095201190093899900150105700000294020200929150306.0090706s1991 dr r 000 0 spa d aDO-SdBNPbspacBNPHU axxxxbP448c1 aPerkins, Dexter9934513aLa cuestión de Santo Domingo 1849-1865 /cDexter, Perkins. aSanto Domingo :bSociedad Dominicana de Bibliófilos,c1991. a434 p ;c23 cm. aInventariado, 2019/VM aIncluye referencias bibliográficas y notas al pie de las páginas 001054708DSaGRbGRcHDd2011-05-03iLF1l0oxxxx P448cp2940-30r2020-06-25te. 3w2020-06-25yLFDSZPréstamo en sala 001054708DSaGRbGRcHDd2011-07-01iLF1l0oxxxx P448cp2940-40r2020-06-25te. 4w2020-06-25yLFDSZPréstamo en sala 0010718DSaGRbGRcHDd2015-02-23iLF1l0oxxxx P448cp2940-60r2020-06-25te. 5w2020-06-25yLFDSZNo se presta 0010718PDaPDbPDcHDd2009-07-06iLF1l0oxxxx P448cp2940-10r2020-06-25w2020-06-25yLFPDzPerteneció a la biblioteca personal de Germán Emilio Ornes.ZNo se presta 0010718PDaPDbPDcHDd2011-06-08iLF1l0oxxxx P448cp2940-20r2020-06-25te. 2w2020-06-25yLFPDZNo se presta c2773d2773